Chilean mining
Uloženo v:
| Hlavní autor: | |
|---|---|
| Médium: | Kniha |
| Jazyk: | angličtina |
| Vydáno: |
Santiago
Mining and Metallurgical Research Center
1978
|
| Vydání: | 1a. ed |
| Témata: | |
| Tagy: |
Přidat tag
Žádné tagy, Buďte první, kdo vytvoří štítek k tomuto záznamu!
|
MARC
| LEADER | 00000nam a2200000 a 4500 | ||
|---|---|---|---|
| 001 | UCU6170 | ||
| 003 | CL-VaPUC | ||
| 008 | 960614e19780000CL |||||||||||||||||eng|d | ||
| 082 | 0 | 4 | |a 622 |b SUT |2 21 |
| 100 | 0 | |a Sutulov, Alexander |e author |9 364318 | |
| 245 | 1 | 0 | |a Chilean mining |
| 250 | |a 1a. ed | ||
| 300 | |a 244 p | ||
| 942 | |c BK | ||
| 945 | |d 19960614 00:00:00 |a paguirre | ||
| 260 | |a Santiago |b Mining and Metallurgical Research Center |c 1978 | ||
| 650 | 0 | |a Tecnología minera |9 359084 | |
| 650 | 0 | |a Minerales |9 264051 | |
| 650 | 0 | |a Minas |9 255522 | |
| 650 | 7 | |a INDUSTRIA EXTRACTIVA |2 CL-VaPUC |9 364319 | |
| 650 | 0 | |a Yacimientos minerales |9 262212 | |
| 650 | 0 | |a Historia |9 255047 | |
| 583 | |a last modification |c 19960614 00:00:00 |k Rodrigo Vera | ||
| 999 | |c 249194 |d 249192 | ||
| 952 | |0 0 |1 0 |4 0 |6 622_000000000000000_SUT_1978 |7 0 |8 A |9 266292 |a BIBING |b BIBING |d 2019-11-19 |i 1683519 |o 622 SUT 1978 |p 1683519 |r 2025-01-20 |w 2019-11-19 |y BK |k EIQ | ||
| 952 | |0 0 |1 0 |4 0 |6 622_000000000000000_SUT_1978 |7 0 |8 A |9 266293 |a BIBCUR |b BIBCUR |d 2019-11-19 |i 4564561 |o 622 SUT 1978 |p 4564561 |r 2025-04-22 |w 2019-11-19 |y BK |k FIS | ||